000 01035nam a2200265 i 4500
001 bg
245 0 0 _aNowe uwarunkowania rozwoju i kształtowania miast polskich /
_cpod red. Mieczysława Kochanowskiego.
260 _aWarszawa :
_bWydaw. Naukowe PWN,
_c1996.
300 _a143 s. ;
_c21 cm.
490 1 _aBiuletyn / Polska Akademia Nauk Komitet Przestrzennego Zagospodarowania Kraju,
_x0079-3493 ;
_vZ. 175
504 _aBibliogr. przy art.
650 9 _aMiasta
_xgospodarka
_zPolska
650 9 _aMiasta
_xplanowanie przestrzenne
_zPolska
650 9 _aPlanowanie regionalne
_zPolska
700 1 _aKOCHANOWSKI, Mieczysław.
_eRed.
710 0 _aKomitet Przestrzennego Zagospodarowania Kraju. Polska Akademia Nauk (Warszawa)
830 0 _aBiuletyn (Polska Akademia Nauk Komitet Przestrzennego Zagospodarowania Kraju) ;
_vZ. 175
020 _a8301122285
040 _cBPK
041 0 _apl
080 _a911.375:338.22:711.4/.8](438-21)
920 _a83-01-12228-5
942 _cKS
008 s pl f |000 0 pol
999 _c34164
_d34164
856 _uhttp://koha.tu.koszalin.pl/cgi-bin/koha/opac-detail.pl?biblionumber=34164
_yKatalog online BPK